000 01208nam2a22002411 4500
001 rc\3195326
005 20250530093502.0
021 _aRU
_b76-45711
035 _a(NLR Aleph) 007342265
090 _a6121747
_c6121747
100 _a20120628d1976 |||y0rusy50 ca
101 0 _arus
102 _aRU
105 _ay z |||||
200 1 _aВычислительные методы
210 _d1976
_aБ. м.
215 _a232 с.
461 0 _1001rc\3195324
_12001#$aМатематическое программирование и смежные вопросы$e(Труды седьмой Зимней школы, Дрогобыч, 1974)$f[Отв. ред. проф. Б.С. Митягин, доц. Б.П. Титаренко]$gАН СССР. Центр. экон.-мат. ин-т$v[2]
_96121730
_cМосква
_d1976-
_f[Отв. ред. проф. Б.С. Митягин, доц. Б.П. Титаренко]
_nБ. и.
_o(Труды седьмой Зимней школы, Дрогобыч, 1974)
_tМатематическое программирование и смежные вопросы
_v[2]
801 0 _aRU
_bNLR
_gpsbo
801 1 _aRU
_bELAR
_2rusmarc
852 _aNLR
_j76-3/7657
942 _cBOOK
980 _aNB